000 00347nam a22001457a 4500
005 20250924134628.0
008 250924b |||||||| |||| 00| 0 eng d
020 _a0304302090
050 _aSF61
_bOSI
100 _aOSITELU G.S.
245 _aBOOK 3 ANIMAL SCIENCE
260 _aIBADAN
_bCASSELL, LTD
_cc1981
300 _a105p
942 _2lcc
_cBK
_n0
999 _c7686
_d7686